000
00317nam a2200121Ia 4500
008
220217s9999 xx 000 0 und d
245
0
_a
Specification for rubber teats for feeding bottles.
260
_c
1966
500
_a
Standard number: IS 3565
650
_a
Feeding bottle
650
_a
Rubber teats
942
_c
ST
999
_c
73703
_d
73703